Assessing the effects of fire disturbance on ecosystems : a scientific agenda for research and management /

Bibliographic Details
Corporate Authors: Pacific Northwest Research Station (Portland, Or.), United States. Forest Service
Other Authors: Schmoldt, Daniel L. (Daniel Lee), 1953-
Format: Government Document Microform Book
Language:English
Published: Portland, Or. : U.S. Dept. of Agriculture, Forest Service, Pacific Northwest Research Station, [1999]
Series:General technical report PNW ; 455.
Subjects:

MARC

Tag First Indicator Second Indicator Subfields
LEADER 00000cam a22000007a 4500
001 in00000005289
005 20150924155526.0
007 he bmb024bbca
008 990720s1999 oruab bb f100 0 eng d
035 |a (OCoLC)41927670 
035 |9 AJJ1792AM 
040 |a GPO  |c GPO  |d DLC  |d MvI  |d UtOrBLW 
043 |a n-usp-- 
049 |a UMIC 
074 |a 0083-B-06 (MF) 
086 0 |a A 13.88:PNW-GTR-455 
245 0 0 |a Assessing the effects of fire disturbance on ecosystems :  |b a scientific agenda for research and management /  |c Daniel L. Schmoldt [and others]. 
264 1 |a Portland, Or. :  |b U.S. Dept. of Agriculture, Forest Service, Pacific Northwest Research Station,  |c [1999] 
300 |a 104 pages :  |b illustrations, maps ;  |c 28 cm. 
336 |a text  |b txt  |2 rdacontent 
337 |a microform  |b h  |2 rdamedia 
338 |a microfiche  |b he  |2 rdacarrier 
490 1 |a General technical report ;  |v PNW-GTR-455 
500 |a Cover title. 
500 |a "May 1999." 
500 |a Shipping list number: 99-0701-M. 
500 |a Papers from a conference held in Seattle, Washington, April 17-19, 1996. 
504 |a Includes bibliographical references (pages 91-104). 
533 |a Microfiche.  |b [Washington, D.C.] :  |c Supt. of Docs., U.S. G.P.O.,  |d 1999  |e 2 microfiches : negative. 
500 |a Microform. 
650 0 |a Fire ecology  |z Northwest, Pacific  |v Congresses. 
650 0 |a Wildfires  |x Environmental aspects  |z Northwest, Pacific  |v Congresses. 
650 0 |a Forest fires  |x Environmental aspects  |z Northwest, Pacific  |v Congresses. 
700 1 |a Schmoldt, Daniel L.  |q (Daniel Lee),  |d 1953- 
710 2 |a Pacific Northwest Research Station (Portland, Or.) 
710 1 |a United States.  |b Forest Service. 
830 0 |a General technical report PNW ;  |v 455. 
999 |a MARS 
999 f f |s 0f755c42-c067-3a9d-99e7-f70afe2726c2  |i cd7a20a3-de4d-367f-b0ae-05b37d4cc4d6  |t 0 
952 f f |p normal  |a Texas A&M University  |b College Station  |c Sterling C. Evans Library  |d Evans: US Documents (Annex 5th floor)  |t 0  |e A 13.88:PNW-GTR-455  |h Superintendent of Documents classification  |i microform -- microfiche  |m A14824308697 
952 f f |p normal  |a Texas A&M University  |b College Station  |c Sterling C. Evans Library  |d Evans: US Documents Microfiche (3rd floor)  |t 0  |e A 13.88:PNW-GTR-455  |h Superintendent of Documents classification  |i microform -- microfiche  |m A14824500906 
998 f f |a A 13.88:PNW-GTR-455  |t 0  |l Evans: US Documents Microfiche (3rd floor) 
998 f f |a A 13.88:PNW-GTR-455  |t 0  |l Evans: US Documents (Annex 5th floor)